| 000 | 00809nam a2200181Ia 4500 | ||
|---|---|---|---|
| 008 | 090630s9999 xx 000 0 und d | ||
| 082 | _b6968 | ||
| 100 | _aसहस्त्रबुध्दे रमेश. | ||
| 245 |
_aविज्ञान सागरातील दिपस्तंभ. _cसहस्त्रबुध्दे रमेश. |
||
| 260 |
_bसाहित्य प्रसार. _c1982 |
||
| 300 | _a72 | ||
| 600 | _aसहस्त्रबुध्दे रमेश. | ||
| 630 | _aविज्ञान सागरातील दिपस्तंभ. | ||
| 655 | _aबालवाङमय. | ||
| 700 | _aसहस्त्रबुध्दे रमेश. | ||
| 730 | _aविज्ञान सागरातील दिपस्तंभ. | ||
| 942 | _cBOOK | ||
| 999 |
_c258824 _d258824 |
||